| 000 | 00614nam a2200193Ia 4500 | ||
|---|---|---|---|
| 008 | 191130s1994##################000#0#eng## | ||
| 020 | _a9780521447805 | ||
| 040 |
_aACL _cACL |
||
| 082 | _a300.1 HOL | ||
| 100 | _aHollis, Martin | ||
| 245 |
_aThe philosophy of social science : an introduction _cMartin Hollis |
||
| 260 |
_aCambridge _bCambridge University Press _cc1994 |
||
| 300 | _ax, 268 p. ; 22 cm | ||
| 500 | _aIncludes bibliographical references (p. 261-265) and index | ||
| 650 | _aSocial sciences - Philosophy | ||
| 990 | _ac95591c4ac10000c1a59e91d91e23ffa | ||
| 991 | _a233747 | ||
| 999 |
_c295130 _d295130 |
||